000 00598nam a2200217Ia 4500
005 20260429111853.0
008 260429s9999||||xx |||||||||||||| ||und||
020 _a9781032526485
041 _aEnglish
082 _a660.62
_bSHA
100 _aShankar, Jata
245 0 _aMicrobial approaches for sustainable green technologies /
_cJata Shankar
250 _a1st ed.
260 _aBoca Raton :
_bCRC Press,
_c2024.
300 _axix, 336 p.; hb
650 _a Industrial microbiology
650 _aBiotechnology
700 _a Shah, Maulin P.
700 _a Verma, Pradeep
942 _cTB
999 _c51212
_d51212